La Relación sino-latinoamericana, entre la práctica política y la investigación académica /
El artículo repasa la producción teórica china sobre América Latina y refleja la evolución de las inquietudes de las elites de ese país, hoy interesadas en estudiar los efectos de las reformas económicas de los 90, el crecimiento del desempleo y la desigualdad social, como un modo de extraer leccion...
Сохранить в:
| Главный автор: | |
|---|---|
| Формат: | Текст |
| Предметы: | |
| Метки: |
Добавить метку
Нет меток, Требуется 1-ая метка записи!
|
MARC
| LEADER | 00000 a a2200000 04500 | ||
|---|---|---|---|
| 001 | 10814 | ||
| 003 | |||
| 040 | |||
| 100 | |a Cesarin, Sergio | ||
| 245 | |a La Relación sino-latinoamericana, entre la práctica política y la investigación académica / |c Sergio Cesarin | ||
| 500 | |a Resumen también en inglés páginas 181 | ||
| 520 | |a El artículo repasa la producción teórica china sobre América Latina y refleja la evolución de las inquietudes de las elites de ese país, hoy interesadas en estudiar los efectos de las reformas económicas de los 90, el crecimiento del desempleo y la desigualdad social, como un modo de extraer lecciones aplicables a su propia realidad | ||
| 650 | |a RELACIONES INTERNACIONALES | ||
| 650 | |a POLITICA EXTERIOR | ||
| 650 | |a CHINA | ||
| 650 | |a AMERICA LATINA | ||
| 650 | |a CARIBE | ||
| 650 | |a INVESTIGACION | ||
| 773 | |g número 203; páginas 48-61 | ||
| 999 | |c 26147 |d 26147 | ||
